书目信息 |
| 题名: |
矿井地质及矿井水文地质
|
|
| 作者: | 淮南煤炭学院 编 | |
| 分册: | ||
| 出版信息: | 北京 煤炭工业出版社 1979.05 |
|
| 页数: | 361页 | |
| 开本: | 16开 | |
| 丛书名: | ||
| 单 册: | ||
| 中图分类: | TD163 | |
| 科图分类: | ||
| 主题词: | 矿井--矿山地质 | |
| 电子资源: | ||
| ISBN: | ||
| 000 | 00588nam0 2200193 45 | |
| 001 | 0006200955 | |
| 005 | 20000620095813.8 | |
| 010 | @d2.40元 | |
| 100 | @a20000620d1979 km y0chiy0120 ea | |
| 101 | 0 | @achi |
| 105 | @a z 000yy | |
| 200 | 1 | @a矿井地质及矿井水文地质@AKuang Jing Di Zhi Ji Kuang Jing Shui Wen Di Zhi@f淮南煤炭学院等编@FHuai Nan Mei Tan Xue Yuan Deng Bian |
| 210 | @a北京@c煤炭工业出版社@d1979.05 | |
| 215 | @a361页@d16开 | |
| 606 | 0 | @a矿井@x矿山地质 |
| 690 | @aTD163@v3 | |
| 701 | 0 | @a淮南煤炭学院@4编 |
| 801 | @aCN@bPftUser@c20000620 | |
| 905 | @b208692@dTD163@eH:507@f1 | |
| 矿井地质及矿井水文地质/淮南煤炭学院等编.-北京:煤炭工业出版社,1979.05 |
| 361页;16开 |
| ISBN :2.40元 |
| ● |
| 相关链接 |
|
|
|
正题名:矿井地质及矿井水文地质
索取号:TD163/H:507
 
预约/预借
| 序号 | 登录号 | 条形码 | 馆藏地/架位号 | 状态 | 备注 |
| 1 | 208692 | 202086928 | 自科库501/501自科库 20排4列3层/ [索取号:TD163/H:507] | 在馆 |